MDQL
is popping MORE tags! Check the
thread
!
Quizzes
Events
Quiz Creation
Community
Videos
Private Events
Remove Ads
Sign In
Join for FREE
Feedback
Dark Mode
Quiz Categories
Sports
Geography
Music
Movies
Television
Just For Fun
Miscellaneous
History
Literature
Language
Science
Gaming
Entertainment
Religion
Holiday
For Kids
Quiz Lab
Recent
Popular Today
Quiz Kudos Today
Editor Picks
Curator Picks
Quizzes by...
Day
Popularity
Type
Ratings
Length
Year
Community
Subscriptions
Recent Discussions
Orange Saloon
Badges
Playlists
Quests
Create
Leaderboards
Showdown
Live 5
Trivia Bingo
Activity
Puzzle Library
Sporcle Events
Private Events
Virtual Trivia
Globe League
Become a Host
Pub Owners
SporcleCon
Opinionation
Our Games
Videos
Blog
Mobile Apps
Partnerships
Remove Ads and Go Orange
Feedback
Language
Vocabulary
Begins and Ends
Definition
Spanish
French
German
Italian
Chinese
Latin
Translation
Japanese
Language
Vocabulary
Begins and Ends
Definition
Spanish
French
German
Italian
Chinese
Latin
Translation
Japanese
Random Quiz
Search Sporcle
×
Quiz Lab
Quiz Lab
Language
test
Type in answers that appear in a list
Type in answers that appear in a list
Classic
Best Score? Go Orange.
Ille, illa, illud Chart Test Stats
'That' Chart Test
By
hawkinsborer
20m
30 Questions
20 Plays
20 Plays
20 Plays
Comments
Comments
Give Quiz Kudos
Give Quiz Kudos
-
- Ratings
hide this ad
More Info
Forced Order
Answers have to be entered in order
Answers have to be entered in order
Replay
Link that replays current quiz
Next Quiz
Link to next quiz in quiz playlist
You Got
0%
They Got
Avg Score
86%
Avg Friend Score
Upgrade to see
Score Distribution
Jump to the score distribution portion of the page
Score
0/30
Timer
20:00
0
Plays Today
% Correct
ille
100%
illa
100%
illud
100%
illius
90%
illius
90%
illius
85%
illi
85%
illi
85%
illi
85%
illum
85%
illam
85%
illud
85%
illo
85%
illa
85%
illo
85%
% Correct
illi
85%
illae
85%
illa
85%
illorum
85%
illarum
85%
illorum
85%
illis
85%
illis
85%
illis
85%
illos
85%
illas
85%
illa
85%
illis
85%
illis
85%
illis
85%
Quiz Playlist
Details
Report
Send in Message
Add To Playlist
More Info:
Type in the chart going left to right, row by row singular chart then plural. Long marks are not used and no caps.
Classic:
Type in answers that appear in a list
Forced Order:
Answers have to be entered in order
Last Updated: Aug 26, 2017
Quiz Scoreboard
CHALLENGE
Sign Up to Join the Scoreboard
Show All
Scores
Hide
Comments
May contain spoilers
Recently Published
Image Sorting: Flags VI
by Barbecue
Geography
2m
Find the 'City' Movie
by crazypaving
Movies
60s
Colored Red Africa Blitz
by spor1
Geography
45s
More to Explore
Quiz From the Vault
Featured Blog Post
14 Easter Pick-up Lines to Find Eggs With
hide this ad
You Might Also Like...
Tags
chart
test
Today's Top Quizzes in Language
Browse Language
hide this ad
Today's Top Quizzes in test
Browse test
Top Contributed Quizzes in Language
1
What Word Starts All?
2
1-10 Letter F Words III
3
Arabic Numerals
4
1-10 Letter G Words III
5
1-10 Letter H Words III
6
Weisst du, aus welchen Sprachen diese Wörter stammen?
7
1-10 Letter I Words III
8
Harry Potter book 6 chapters: English & Greek
9
1-10 Letter J Words III
10
Celtic Nations in their Language
Explore More
Trending Topics
Marvel
Kpop
NBA
Crossword
Harry Potter
Disney
Anime
NFL
Soccer
The Office
WWE
Song
Country
Puzzle
Pokémon
hide this ad
More By:
hawkinsborer
Quiz
Plays
Rating
Category
Featured
Created
Industrialization Immigration Urbanization People
49
History
Mar 8, 2018
Latin passive and active charts for indicative verbs
38
5.00
Language
Apr 26, 2018
ille, illa, illud Chart Test
20
2.50
Language
Aug 25, 2017
New Deal Acts, Agencies, Administrations and Other Info
2
History
Apr 25, 2018
Go to Creator's Profile
Score Distribution
Quiz Creator Spotlight
hawkinsborer
Follow
Send a Message
Quizzes Created
-
Created Quiz Play Count
-
More By This Creator
Popular Quizzes Today
1
Colored Red Africa Blitz
2
Find the US States - No Outlines Minefield
3
Find the 'City' Movie
4
5x2 Blitz: Bands
5
The Countries of the World
6
Find the US States
7
Find the Countries of Europe - No Outlines Minefield
8
US States
More Language Quizzes
Missing First Letter - OUT words
Quiz Lab
Trending Quizzes
Colored Red Europe Blitz I
Colored Red Europe Blitz II
Colored Red Africa Blitz II
Colored Red Europe Blitz III
Colored Red Africa Blitz III
Recently Updated
How Do You Spell That?
pecheneg
Godzilla Movies
pecheneg
Grab Bag: 4-10 Letters
pecheneg
2024 March Madness Bracket
pecheneg
Famous TV Couples
Peacemaker
Champions League XIs: Real Madrid
pecheneg
Largest US Cities 1790-2010
pecheneg
Rides in Walt Disney World
pecheneg
Most Oscar Losses (Acting)
pecheneg
Beyoncé Albums
pecheneg
Trending Topics
Harry Potter
Crossword
Marvel
Anime
Kpop
NBA
Disney
Song
The Office
NFL
Pokémon
Puzzle
Soccer
WWE
Country
Your Account Isn't Verified!
In order to create a playlist on Sporcle, you need to verify the email address you used during registration. Go to your
Sporcle Settings
to finish the process.
Report this User
Report this user for behavior that violates our
Community Guidelines
.
Details:
Send Report
Go to the Sporcle.com Mobile Site →
Comments